Online
Catalog

Pensar la imagen, pensar la mirada / (Record no. 48679)

MARC details
000 -CABECERA
campo de control de longitud fija 02678nam a2200457 i 4500
001 - NÚMERO DE CONTROL
campo de control 000049191
003 - IDENTIFICADOR DEL NÚMERO DE CONTROL
campo de control DO-SdBNP
005 - FECHA Y HORA DE LA ÚLTIMA TRANSACCIÓN
campo de control 20250227073855.0
007 - CAMPO FIJO DE DESCRIPCIÓN FÍSICA--INFORMACIÓN GENERAL
campo de control de longitud fija ta
008 - DATOS DE LONGITUD FIJA--INFORMACIÓN GENERAL
campo de control de longitud fija 190726e2017 dr ao gr 001 edspa d
020 ## - NÚMERO INTERNACIONAL ESTÁNDAR DEL LIBRO
Número Internacional Estándar del Libro 9789945582536 (v.235)
022 ## - NÚMERO INTERNACIONAL NORMALIZADO PARA PUBLICACIONES SERIADAS
Fuente 9789945443622 (serie)
040 ## - FUENTE DE LA CATALOGACIÓN
Centro catalogador/agencia de origen DO-SdBNP
Lengua de catalogación spa
Centro/agencia transcriptor BNPHU
Normas de descripción rda
082 #4 - NÚMERO DE LA CLASIFICACIÓN DECIMAL DEWEY
Número de documento/Ítem M966p
Número de edición 22
100 1# - ENTRADA PRINCIPAL--NOMBRE DE PERSONA
Nombre de persona Munnigh, Fidel
9 (RLIN) 35003
Fechas asociadas al nombre 1962-
245 10 - MENCIÓN DE TÍTULO
Título Pensar la imagen, pensar la mirada /
Mención de responsabilidad, etc. Fidel Munnigh; Coordinador, José Alcántara Almánzar, Elvis Francis Soto; Ilustraciones, Miguel Ángel Ramírez García, Sarah Regina Miranda García, José Francisco Pelletier de León, Francisco Bladimir Velázquez Matos, Víctor Mariano Hernández Betances y otros.
264 #1 - PRODUCCIÓN, PUBLICACIÓN, DISTRIBUCIÓN, FABRICACIÓN Y COPYRIGHT
Producción, publicación, distribución, fabricación y copyright Santo Domingo :
Nombre del de productor, editor, distribuidor, fabricante Banco Central de la República Dominicana,
Fecha de producción, publicación, distribución, fabricación o copyright 2017.
300 ## - DESCRIPCIÓN FÍSICA
Extensión 156 páginas
Otras características físicas ilustraciones, fotografías
Dimensiones 24 cm.
336 ## - TIPO DE CONTENIDO
Fuente rdacontent
Término de tipo de contenido texto
Código de tipo de contenido txt
337 ## - TIPO DE MEDIO
Fuente rdamedia
Nombre/término del tipo de medio sin mediación
Código del tipo de medio n
338 ## - TIPO DE SOPORTE
Fuente rdacarrier
Nombre/término del tipo de soporte volumen
Código del tipo de soporte nc
490 ## - MENCIÓN DE SERIE
Mención de serie Banco Central de la República Dominicana
490 ## - MENCIÓN DE SERIE
Mención de serie Arte y literatura;
Designación de volumen o secuencia 242
500 ## - NOTA GENERAL
Nota general Incluye datos biográficos del autor en la solapa de la cubierta.
505 ## - NOTA DE CONTENIDO CON FORMATO
Nota de contenido con formato Palabras del aurtor.
Título Uno.- Arte contemporáneo: ¿orden o caos?.--
-- Dos.- Pensar lo contemporáneo.--
-- Tres.- (Re)pensar la crítica.--
-- Cuatro.- La crítica filosófica del arte: tres momentos.--
-- Cinco.- Pensar la cultura (Para una étic y una estética de la praxis cultural).--
-- Seis.- Pensar el saber, pensar el sujeto.--
-- Siete.- Reino de la imagen (pensar las culturas visuales).--
-- Ocho.- Pensar el espacio (Espacios sagrados, Espacios profanos).--
-- Nueve.- Hiroshima Mon Amour: el diálogo texto-imagen en libertad. Adenda.--
-- Diez.- El ensayo filosófico, zona de confluencia.--
-- Colección del Banco Central de República Dominicana.
590 ## - NOTA LOCAL (RLIN)
Nota local Inventariado, 2019/VM
600 1# - PUNTO DE ACCESO ADICIONAL DE MATERIA--NOMBRE DE PERSONA
Nombre de persona Munnigh, Fidel,
Fechas asociadas al nombre 1962-
9 (RLIN) 81368
650 #0 - PUNTO DE ACCESO ADICIONAL DE MATERIA--TÉRMINO DE MATERIA
Término de materia o nombre geográfico como elemento de entrada Artes
Subdivisión general República Dominicana
9 (RLIN) 31065
650 #4 - PUNTO DE ACCESO ADICIONAL DE MATERIA--TÉRMINO DE MATERIA
Término de materia o nombre geográfico como elemento de entrada Artes
9 (RLIN) 30489
Subdivisión general Crítica e Interpretación.
650 #4 - PUNTO DE ACCESO ADICIONAL DE MATERIA--TÉRMINO DE MATERIA
Término de materia o nombre geográfico como elemento de entrada Filosofía del Arte
9 (RLIN) 7334
Subdivisión general Ensayos
700 1# - PUNTO DE ACCESO ADICIONAL--NOMBRE DE PERSONA
Nombre de persona Alcántara Almánzar, José
Fechas asociadas al nombre 1946-
Término indicativo de función/relación coordinador
9 (RLIN) 7018
700 1# - PUNTO DE ACCESO ADICIONAL--NOMBRE DE PERSONA
9 (RLIN) 39156
Nombre de persona Soto, Elvis Francis
Término indicativo de función/relación coordinador
700 1# - PUNTO DE ACCESO ADICIONAL--NOMBRE DE PERSONA
Nombre de persona Ramírez García, Miguel Ángel
Término indicativo de función/relación ilustraciones
9 (RLIN) 81369
700 1# - PUNTO DE ACCESO ADICIONAL--NOMBRE DE PERSONA
Nombre de persona Miranda García, Sarah Regina
Término indicativo de función/relación ilustraciones
9 (RLIN) 81370
700 1# - PUNTO DE ACCESO ADICIONAL--NOMBRE DE PERSONA
Nombre de persona Pellerier de León, José Francisco
Término indicativo de función/relación ilustraciones
9 (RLIN) 81371
700 1# - PUNTO DE ACCESO ADICIONAL--NOMBRE DE PERSONA
Nombre de persona Velázquez Matos, Francisco Bladimir
Término indicativo de función/relación ilustraciones
9 (RLIN) 81372
700 1# - PUNTO DE ACCESO ADICIONAL--NOMBRE DE PERSONA
Nombre de persona Víctor Mariano, Hernández Betances
Término indicativo de función/relación ilustraciones
9 (RLIN) 81373
700 1# - PUNTO DE ACCESO ADICIONAL--NOMBRE DE PERSONA
Nombre de persona Peña Arias, Johanne Diomares
Término indicativo de función/relación ilustraciones
9 (RLIN) 81374
910 ## - DATOS DE OPCIÓN DEL USUARIO (OCLC)
Datos de opción del usuario VMateo
942 ## - ELEMENTOS DE PUNTO DE ACCESO ADICIONAL (KOHA)
Fuente del sistema de clasificación o colocación Dewey Decimal Classification
Tipo de ítem Koha Libro
Holdings
Estado de retiro Estado de pérdida Fuente del sistema de clasificación o colocación Restricciones de uso No para préstamo Código de colección Localización permanente Ubicación/localización actual Ubicación en estantería Fecha de adquisición Fuente de adquisición Total de préstamos Signatura topográfica completa Código de barras Fecha visto por última vez Precio válido a partir de Tipo de ítem Koha Número de copia
    Dewey Decimal Classification Excluido de préstamo   Patrimonio Dominicano Biblioteca Nacional Pedro Henríquez Ureña Biblioteca Nacional Pedro Henríquez Ureña Depósito 25.10.2019 Donado por Dominico Americano   BNPHU PD M966p 49192-10 25.06.2020 25.06.2020 Libro  
    Dewey Decimal Classification Excluido de préstamo   Patrimonio Dominicano Biblioteca Nacional Pedro Henríquez Ureña Biblioteca Nacional Pedro Henríquez Ureña Depósito 21.11.2017 Donado por Banco Central de la Rep. Dom.   M966p 2021-25423 25.06.2020 25.06.2020 Libro e.2
    Dewey Decimal Classification Préstamo en sala   Dominicana de Servicio Biblioteca Nacional Pedro Henríquez Ureña Biblioteca Nacional Pedro Henríquez Ureña Depósito 18.09.2018 Depósito LegalEditora Centenario   M966p 2021-25421 09.08.2021 09.08.2021 Libro e.3
    Dewey Decimal Classification Préstamo en sala   Dominicana de Servicio Biblioteca Nacional Pedro Henríquez Ureña Biblioteca Nacional Pedro Henríquez Ureña Depósito 04.08.2023 Despacho BNPHU   BNPHU DS M966p 2023-8302 07.12.2023 09.08.2021 Libro e. 4
    Dewey Decimal Classification Préstamo en sala   Dominicana de Servicio Biblioteca Nacional Pedro Henríquez Ureña Biblioteca Nacional Pedro Henríquez Ureña Depósito 04.08.2023 Despacho BNPHU   BNPHU DS M966p 2023-8303 07.12.2023 09.08.2021 Libro e. 5

Powered by Koha